Loading...
Fine Arts - Classical Music | 0 | 6 | 1 | 1 | 55 | 115 | 129.83 | 0 | 0 |
Literature - American Literature | 0 | 6 | 2 | 0 | 50 | 65 | 89.00 | 0 | 2 |
Literature - World Literature | 0 | 5 | 1 | 0 | 45 | 57 | 120.60 | 0 | 1 |
Literature - British Literature | 0 | 4 | 1 | 1 | 35 | 121 | 135.00 | 0 | 0 |
Literature - European Literature | 0 | 3 | 0 | 0 | 30 | 117 | 122.33 | 0 | 0 |
Painting & Sculpture | 0 | 3 | 1 | 0 | 25 | 41 | 72.67 | 0 | 2 |
Religion | 0 | 2 | 0 | 1 | 20 | 93 | 107.00 | 0 | 0 |
History - World History | 0 | 1 | 0 | 0 | 10 | 60 | 60.00 | 0 | 1 |
History - European History | 0 | 1 | 0 | 0 | 10 | 92 | 92.00 | 0 | 0 |
Science - Biology | 0 | 1 | 0 | 1 | 10 | 134 | 134.00 | 0 | 0 |
Social Science | 0 | 1 | 0 | 0 | 10 | 105 | 105.00 | 0 | 1 |
Fine Arts - Other Fine Arts | 0 | 1 | 3 | 0 | -5 | 139 | 139.00 | 1 | 1 |
Science - Physics | 0 | 0 | 2 | 0 | -10 | 0.00 | 0 | 0 | |
Mythology | 0 | 0 | 2 | 0 | -10 | 0.00 | 0 | 0 |